Nuclear magnetic resonance spectroscopy: an introduction to principles, applications, and experimental methods (Record no. 78841)

MARC details
000 -LEADER
fixed length control field 01328nam a2200217 a 4500
008 - FIXED-LENGTH DATA ELEMENTS--GENERAL INFORMATION
fixed length control field 100930s2004 ||||||||||||||||| || u
020 ## - INTERNATIONAL STANDARD BOOK NUMBER
International Standard Book Number 0130890669
050 ## - LIBRARY OF CONGRESS CALL NUMBER
Classification number QD 96.N8 Lam
100 ## - MAIN ENTRY--PERSONAL NAME
Personal name Lambert, Joseph B
245 10 - TITLE STATEMENT
Title Nuclear magnetic resonance spectroscopy: an introduction to principles, applications, and experimental methods
Statement of responsibility, etc. by Joseph B. Lambert and Eugene, P. Mazzola
260 ## - PUBLICATION, DISTRIBUTION, ETC.
Place of publication, distribution, etc. Upper Saddle River, New Jersey:
Name of publisher, distributor, etc. Person/Prentice Hall
Date of publication, distribution, etc. 2004
300 ## - PHYSICAL DESCRIPTION
Extent xiv, various pagings.: ill
350 ## -
-- 0.00
650 ## - SUBJECT ADDED ENTRY--TOPICAL TERM
Topical term or geographic name entry element NUCLEAR MAGNETIC RESONANCE SPECTROSCOPY
650 #0 - SUBJECT ADDED ENTRY--TOPICAL TERM
Topical term or geographic name entry element CHEMISTRY--HANDBOOKS, MANUALS, ETC
700 ## - ADDED ENTRY--PERSONAL NAME
Personal name Mazzola, Eugene P
995 ## -
-- ANNEX COLLECTION (Main Library)
-- 743797
-- CBU-MAIN LIBRARY (Kitwe)
-- 0.00
-- QD 96.N8 Lam
-- 3
-- AVAILABLE
-- Jun 11, 2013
-- 743797
-- Annex Low-Usage Collection
995 ## -
-- ANNEX COLLECTION (Main Library)
-- 743798
-- CBU-MAIN LIBRARY (Kitwe)
-- 0.00
-- QD 96.N8 Lam
-- 4
-- AVAILABLE
-- Jun 11, 2013
-- 743798
-- Annex Low-Usage Collection
995 ## -
-- MAIN LIBRARY OPEN ACCESS
-- 0.00
-- 741720
-- CBU-MAIN LIBRARY (Kitwe)
-- 1
-- 0.00
-- QD 96.N8 Lam
-- 1
-- AVAILABLE
-- Oct 7, 2010
-- 741720
-- Main Library Open Access Collection
995 ## -
-- ANNEX COLLECTION (Main Library)
-- 743796
-- CBU-MAIN LIBRARY (Kitwe)
-- 0.00
-- QD 96.N8 Lam
-- 2
-- AVAILABLE
-- Jun 11, 2013
-- 743796
-- Annex Low-Usage Collection
999 ## -
-- 78841
-- 78841
Holdings
Withdrawn status Lost status Source of classification or shelving scheme Damaged status Not for loan Permanent Location Current Location Shelving location Date acquired Total Checkouts Full call number Barcode Date last seen Copy number Price effective from Koha item type
          CBU-MAIN LIBRARY, KITWE. CBU-MAIN LIBRARY, KITWE.   06/06/2023   QD 96.N8 Lam 743797 06/06/2023 1 06/06/2023 MONOGRAPH
Withdrawn         CBU-MAIN LIBRARY, KITWE. CBU-MAIN LIBRARY, KITWE.   06/06/2023   QD 96.N8 Lam 743798 06/06/2023 2 06/06/2023 MONOGRAPH
          CBU-MAIN LIBRARY, KITWE. CBU-MAIN LIBRARY, KITWE.   06/06/2023   QD 96.N8 Lam 741720 06/06/2023 3 06/06/2023 MONOGRAPH
          CBU-MAIN LIBRARY, KITWE. CBU-MAIN LIBRARY, KITWE.   06/06/2023   QD 96.N8 Lam 743796 06/06/2023 4 06/06/2023 MONOGRAPH